[Event "2nd Sharjah Masters 2018"]
[Site "Sharjah"]
[Date "2018.04.15"]
[Round "5"]
[White "Song, Yuxin"]
[Black "Grivas, Efstratios"]
[Result "1/2-1/2"]
[WhiteElo "2075"]
[BlackElo "2468"]
[Annotator "TA"]
[PlyCount "107"]
[EventDate "2018.??.??"]
[EventType "swiss"]
[EventCountry "UAE"]
[SourceTitle "playchess.com"]
[Source "ChessBase"]
[SourceQuality "1"]

{[%evp 20,107,57,54,67,67,62,58,60,56,56,49,70,48,65,65,64,52,52,35,72,32,58,47,78,43,35,42,41,13,18,0,29,21,41,0,0,0,25,10,32,32,30,-119,-115,-115,-59,-57,0,0,8,0,0,0,0,-133,-121,-137,-156,-139,-138,-117,-9,-166,-175,-227,-45,-414,0,0,0,0,0,-520,0,-504,0,0,221,-29996,263,0,0,0,0,0,0,0,0,0]} 1. e4 c5 2. Nf3 Nc6 3. Bb5 d6 4. d4 cxd4 5. Qxd4 Qa5+ 6. Nc3 Qxb5 7. Nxb5 Nxd4 8. Nfxd4 Kd8 9. c4 Nf6 {B53: Sicilian: 2...d6: Lines with Qxd4} 10. f3 a6 (10... Bd7 11. b3 e5 12. Nf5 Bxb5 13. cxb5 Kd7 14. Bg5 Ne8 15. O-O-O g6 16. Ne3 f6 17. Bh4 {½-½ (27) Zvjaginsev,V (2636)-Zubov,A (2574) Moscow 2009}) 11. Nc3 {LiveBook: 4 Games} e6 {White is slightly better.} 12. b3 Kc7 13. Be3 Bd7 14. Kf2 Be7 15. a4 Rac8 16. Rhd1 Kb8 $146 ({Predecessor:} 16... h6 17. Nde2 Be8 18. a5 Rg8 19. Na4 Bxa4 20. Rxa4 g5 21. Ra2 Kb8 22. Nc3 Nd7 23. Na4 Rc6 24. Nb6 {½-½ (24) Holzhaeuer,M (2340)-David,P (2415) Germany 1993}) 17. Nc2 Bc6 18. Ra2 Rhd8 19. Bb6 Re8 20. b4 Bd7 21. Ne3 e5 22. Rc1 Be6 23. Ncd5 Nd7 24. a5 Bg5 25. Rac2 g6 26. g3 f5 27. h4 Bh6 28. Rd1 Rc6 29. Rd3 f4 30. Ng4 Bg7 31. Rdc3 (31. Kg2 $11 {remains equal.}) 31... h5 $36 {[%mdl 2048] Black is in control.} 32. Nh2 fxg3+ ({Black should try} 32... Bxd5 $17 33. exd5 Rcc8) 33. Kxg3 $15 Bh6 (33... Nxb6 $15 34. Nxb6 Bf6) 34. Be3 $11 Bxe3 35. Rxe3 Bxd5 36. exd5 Rc7 {Threatens to win with ...Rec8.} 37. f4 (37. Nf1 $11) 37... Nf6 $1 $17 38. Rd3 exf4+ 39. Kxf4 Re4+ 40. Kg5 Ng4 (40... Ng8 $17 {Black wants to play ...Re5+.} 41. Kxg6 Ne7+ 42. Kxh5 Re5+ 43. Kg4 Nxd5 44. Rxd5 Rxd5 45. cxd5 Rxc2) 41. Nf3 $2 (41. Nxg4 $1 $11 Rxg4+ 42. Kf6) 41... Rf7 $1 $19 (41... Rcxc4 42. Rxc4 Rxc4 43. Kxg6 $14) 42. Kxg6 (42. Rg2 {was called for.}) 42... Ref4 $2 (42... Rf8 $1 $19 43. c5 (43. Kxh5 $2 Rg8 $19) 43... Rg8+ 44. Kf5 (44. Kxh5 $2 {is a self mate.} Nf6+ 45. Kh6 Reg4 46. cxd6 Rh8#) 44... Re3) 43. Kxh5 $2 {[%mdl 8192] [#]} ({Only move:} 43. c5 $1 $15) 43... Nf6+ $2 (43... Rg7 $1 $19 {( -> ...Rf8)} 44. Ng5 Ne5) 44. Kg6 Nd7 45. Rcc3 Nf8+ 46. Kg5 $2 {[%mdl 8192]} (46. Kh5 $11 {and White is okay.} Nd7 47. Re3) 46... R7f5+ 47. Kh6 Rf6+ $2 (47... Rg4 $19 {[%csl Gf8][%cal Rg4g6]} 48. Ne5 (48. Ng5 $2 Rxh4+ 49. Kg7 Rg4 $19) 48... Rxe5) 48. Kh5 $11 {Strongly threatening Re3.} Ng6 $2 (48... Nd7 $1 $11) 49. Kg5 $4 {[%mdl 8192] [#]} (49. Re3 $18) 49... Ne7 $4 {[%mdl 8192]} (49... Nh8 $1 {mates} 50. Ne5 dxe5 51. Kh5 Nf7 52. Rh3 Rh6#) 50. Re3 $2 (50. Nd4 $18) 50... R6f5+ {The position is equal.} 51. Kh6 Rf6+ 52. Kg5 R6f5+ 53. Kh6 Rf6+ 54. Kg5 {Precision: White = 42%, Black = 45%.} 1/2-1/2

[Event "2nd Sharjah Masters 2018"]
[Site "Sharjah"]
[Date "2018.04.15"]
[Round "5"]
[White "Mullick, Raahil"]
[Black "Srija, Seshadri"]
[Result "1-0"]
[WhiteElo "2053"]
[BlackElo "2264"]
[Annotator "TA"]
[PlyCount "97"]
[EventDate "2018.??.??"]
[EventType "swiss"]
[EventCountry "UAE"]
[SourceTitle "playchess.com"]
[Source "ChessBase"]
[SourceQuality "1"]

{[%evp 36,97,0,0,0,4,20,0,0,0,0,-12,19,18,14,13,14,13,12,22,24,24,19,25,27,26,123,99,135,133,146,99,86,85,74,83,79,75,136,108,126,91,116,0,0,0,0,0,21,0,0,0,0,0,0,0,0,0,0,0,646,646,646,629]} 1. e4 e5 2. Nf3 Nc6 3. Bb5 a6 4. Ba4 Nf6 5. O-O Be7 6. Re1 b5 7. Bb3 d6 8. c3 O-O 9. h3 Na5 10. Bc2 c5 11. d4 Nd7 12. Nbd2 exd4 13. cxd4 Nc6 14. d5 Nce5 15. Nxe5 {C96: Closed Ruy Lopez: Chigorin Defence: 11 d4, replies other than 11...Qc7} (15. a4 Bb7 16. Nxe5 Nxe5 17. f4 Ng6 18. Nf3 Re8 19. axb5 axb5 20. Rxa8 Qxa8 21. b3 Bd8 22. f5 Nf8 {1-0 (54) Shirov,A (2630)-Howell,D (2701) Douglas 2017}) 15... Nxe5 16. f4 Ng6 17. Nf3 Bh4 18. Nxh4 Qxh4 19. f5 {LiveBook: 31 Games} Ne5 20. Rf1 Re8 21. Bf4 a5 22. Qd2 h6 $146 ({Predecessor:} 22... Qe7) 23. Qe3 a4 24. Bg3 Qf6 25. Qf2 Nc4 26. e5 $36 {[%mdl 2048] White has good play.} Nxe5 27. Bh4 $1 {[%cal Rh4f6]} g5 28. fxg6 $1 Qxf2+ 29. Rxf2 Nxg6 30. Bg3 $1 c4 {[#]} (30... Bb7 $11 {remains equal.}) 31. Raf1 $1 $16 ({Resist} 31. Bxd6 $6 Bb7 $14) 31... Ra7 32. Bxd6 {And now Bxg6 would win.} Rd7 33. Bxg6 fxg6 34. Bb4 {Rf8+ is the strong threat.} Bb7 35. d6 Bd5 36. a3 h5 ({Better is} 36... Bf7) 37. h4 Bf7 38. Ba5 Be6 {[#]} 39. Bb4 (39. Re1 $1 $16) 39... Bf5 $11 40. Rd2 Bd3 41. Rf4 Re5 42. Rdf2 {aiming for Rf8+.} Bf5 $1 43. Kh2 Kf7 44. Rd2 Ke6 45. Bc3 Re3 46. Rfd4 Bd3 47. Rf2 Rxd6 $2 {[%mdl 8192] [#]} (47... Bf5 $11) 48. Rf6+ $1 $18 {[%mdl 512]} Kxf6 49. Rxd3+ $1 {Precision: White = 86%, Black = 55%.} 1-0

[Event "2nd Sharjah Masters 2018"]
[Site "Sharjah"]
[Date "2018.04.15"]
[Round "5"]
[White "Krithigga K"]
[Black "El Jawich, Amro"]
[Result "1/2-1/2"]
[WhiteElo "2003"]
[BlackElo "2254"]
[Annotator "TA"]
[PlyCount "128"]
[EventDate "2018.??.??"]
[EventType "swiss"]
[EventCountry "UAE"]
[SourceTitle "playchess.com"]
[Source "ChessBase"]
[SourceQuality "1"]

{[%evp 21,128,20,23,2,30,14,11,17,36,31,18,19,44,35,37,15,39,0,0,0,0,0,101,6,0,2,18,0,1,-43,-53,-44,-52,-44,-37,-105,-75,-102,-51,-52,-33,-87,-114,-191,-195,-220,-206,-343,-366,-501,-497,-478,-463,-421,-475,-464,-445,-547,-491,-455,-391,-266,-139,-139,-88,-88,-83,-83,-63,-83,-63,-91,-70,-83,-70,-76,-83,-83,-75,-83,-77,-76,-76,-77,-76,-83,-74,-83,-83,-84,-8,-22,-25,-39,-29,-40,0,-8,0,0,0,0,0,0,0,0,0,0,0]} 1. c4 g6 2. g3 Bg7 3. Bg2 Nc6 4. Nc3 e5 5. Nf3 d6 6. O-O Nf6 7. d3 O-O 8. Rb1 a5 9. a3 h6 10. b4 axb4 11. axb4 Be6 {LiveBook: 515 Games} 12. Ne1 {A26: English Opening vs King's Indian with ...Nc6 and d3} (12. b5 Ne7 13. Bb2 Qd7 14. Qb3 Bh3 15. Ra1 Rab8 16. Ra7 Qe6 17. Rfa1 Bxg2 18. Kxg2 Nd7 19. e4 f5 20. Nd5 Nc5 21. Qc2 fxe4 22. dxe4 Nxd5 23. cxd5 {1-0 (73) Spoelman,W (2578)-Jones,G (2640) chess.com INT 2018}) 12... Rb8 13. Nd5 Bxd5 14. cxd5 Ne7 15. e4 $146 ({Predecessor:} 15. Qb3 c6 16. dxc6 bxc6 17. Nc2 Nfd5 18. Bd2 Kh8 19. Qc4 Qd7 {1-0 (40) Njirjak,J (2205)-Huis,D Tucepi 1996}) 15... c6 16. dxc6 bxc6 17. Be3 Qd7 18. f3 Rb7 19. Qd2 c5 20. Bxh6 Bxh6 21. Qxh6 cxb4 (21... Rxb4 $11 {remains equal.} 22. Nc2 Rxb1 23. Rxb1 Nc6) 22. Bh3 (22. f4 $16) 22... Qc6 23. f4 Qc5+ 24. Kh1 exf4 $1 25. gxf4 Qh5 26. Qxh5 Nxh5 27. Rf2 f5 28. e5 (28. exf5 $15 Nxf5 29. Bg2) 28... d5 29. Bf1 Ra8 (29... Rc8 $17 30. Be2 Ng7) 30. d4 $15 Nc6 $36 {[%mdl 2048] aiming for ...b3. Black is pushing.} 31. Bg2 (31. Nd3 $15) 31... Ra5 $17 32. Rc2 (32. Nd3 $17 Rbb5 33. Bf3) 32... Rb6 $19 33. Rc5 Nxf4 34. Rxa5 (34. Nd3 $142 Nxg2 35. Rxa5 Nxa5 36. Kxg2) 34... Nxa5 35. Nc2 Nxg2 36. Kxg2 {[%mdl 4096] Endgame KRN-KRN} b3 37. Ne3 Rb4 38. Nxd5 Rxd4 39. Nc7 Rc4 40. Nb5 Rc5 41. Nd4 {[#]} Rxe5 (41... Rc3 $1 $19 {Threatens to win with ...Rd3.} 42. e6 Kf8) 42. Nxb3 $17 Nc6 (42... Nxb3 $142 43. Rxb3 Kg7 44. Rb7+ Kh6) 43. Rc1 Ne7 44. Nd4 Re4 45. Nf3 Kg7 46. Rb1 Kh6 47. h4 Kh5 48. Kh3 Nd5 {White must now prevent ...Nf4+.} 49. Rb8 {[%cal Rb8h8] [#]} Kh6 50. Rh8+ Kg7 51. Rd8 Nf4+ 52. Kg3 Nh5+ 53. Kf2 Ra4 54. Rd6 Nf6 {Hoping for ...Ne4+.} 55. Rb6 f4 (55... Ng4+ $17 56. Kg2 Ne3+ 57. Kf2 Nd1+ 58. Ke2 Nc3+ 59. Kf1 Re4) 56. Kg2 Ra2+ 57. Kh3 Ra3 58. Kg2 Ra2+ 59. Kh3 {The position is equal.} Rf2 60. Ng5 {Strongly threatening Rxf6!} Re2 61. Rb7+ Kg8 62. Rb8+ Kg7 63. Rb7+ Kg8 64. Rb8+ Kg7 {Precision: White = 40%, Black = 52%.} 1/2-1/2

[Event "2nd Sharjah Masters 2018"]
[Site "Sharjah"]
[Date "2018.04.15"]
[Round "5"]
[White "Ahmed, Fareed"]
[Black "Mohannad, Farhan"]
[Result "0-1"]
[WhiteElo "1989"]
[BlackElo "2219"]
[Annotator "TA"]
[PlyCount "38"]
[EventDate "2018.??.??"]
[EventType "swiss"]
[EventCountry "UAE"]
[SourceTitle "playchess.com"]
[Source "ChessBase"]
[SourceQuality "1"]

{[%evp 9,38,39,45,-111,-127,-198,-189,-188,-172,-214,-202,-208,-208,-222,-239,-397,-166,-679,-658,-808,-833,-800,-794,-924,-913,-886,-839,-1300,-882,-29983,-29984]} 1. e4 d5 2. exd5 Qxd5 3. Nc3 Qd8 4. Nf3 Bf5 (4... Nf6 5. Bc4 a6 6. a4 Nc6 7. h3 Bf5 8. d3 h6 9. g4 Bg6 10. Bf4 e6 11. Ne5 Nxe5 12. Bxe5 Bd6 13. Qe2 Bxe5 14. Qxe5 {1-0 (44) Kamsky,G (2677)-Bartholomew,J (2477) Reykjavik 2018}) 5. Ne5 (5. Bc4 e6 6. O-O Nf6 7. d4 c6 8. Ne5 Nbd7 9. Bf4 Nxe5 10. Bxe5 Bd6 11. Qe2 {0-1 (42) Ahmed,F (2003)-Mohannad,F (2242) Sharjah 2018}) 5... Nd7 $146 ({Predecessor:} 5... e6 6. Qf3 c6 7. Nxf7 Kxf7 8. g4 Qf6 9. gxf5 exf5 10. Bc4+ Ke8 11. d4 {1-0 (20) Kontic,D (2392)-Vujovic,R (1958) Bar 2007}) 6. Nxf7 $2 {B01: Scandinavian Defence} (6. Qf3 $14 {keeps the upper hand.} Nxe5 7. Qxf5) 6... Kxf7 $17 7. Qf3 (7. g4 $17 Be6 8. d4) 7... e6 $19 {...Ne5 is the strong threat.} 8. Bc4 {[#] Strongly threatening Qxf5+.Black is clearly better.} Qf6 9. Qxb7 Qe5+ 10. Kd1 Rb8 11. Qc6 Ngf6 {[#] And now ...Rb6 would win.} 12. d3 $2 (12. h3) 12... Qc5 (12... Rb6 $142 13. Qa8 Rg8) 13. Qa4 $2 (13. Qxc5 Bxc5 14. f3) 13... Qxf2 {( -> ...Bg4+)} 14. Re1 Bg4+ 15. Ne2 Qxg2 16. Bf4 Bb4 17. c3 Bc5 18. d4 Bd6 19. Kc1 Bxf4+ {Precision: White =  5%, Black = 52%.} 0-1

[Event "2nd Sharjah Masters 2018"]
[Site "Sharjah"]
[Date "2018.04.15"]
[Round "5"]
[White "Salim Mohammed Salim Al Amri"]
[Black "Nyazi, Nehad"]
[Result "0-1"]
[WhiteElo "1970"]
[BlackElo "2213"]
[Annotator "TA"]
[PlyCount "82"]
[EventDate "2018.??.??"]
[EventType "swiss"]
[EventCountry "UAE"]
[SourceTitle "playchess.com"]
[Source "ChessBase"]
[SourceQuality "1"]

{[%evp 13,82,19,22,7,16,1,-2,-7,-9,-13,-9,-10,-10,5,-6,-21,-4,-9,-6,-10,0,-14,0,-47,-47,-47,-54,-51,-46,-50,-58,-54,-45,-39,-20,-20,-8,-67,-71,-71,-51,-93,-84,-97,-116,-116,0,-201,-181,-173,18,9,10,13,24,49,77,0,0,-29979,-29980,-29980,-29981,-29981,-29982,-29981,-29982,-29981,-29982,-29980,-29981]} 1. e4 c6 2. d4 d5 3. e5 c5 4. Nf3 cxd4 5. Nxd4 e6 6. Nd2 {[%cal Bb1d2,Bd2f3,Bf3d4][%mdl 32] B12: Caro-Kann: Advance Variation} (6. c4 Bb4+ 7. Nc3 Ne7 8. Be2 Nbc6 9. Nxc6 Nxc6 10. O-O d4 11. Ne4 Nxe5 12. Bf4 Nc6 13. c5 {1-0 (45) Ragger,M (2697)-Van Foreest,J (2612) Wijk aan Zee 2017}) 6... Nc6 7. N2f3 Nge7 {LiveBook: 5 Games} 8. Bb5 {The position is equal.} a6 9. Ba4 Bd7 10. c3 Nxd4 $146 ({Predecessor:} 10... Ng6 11. Nxc6 bxc6 12. h4 h6 {0-1 (28) Aliev,D-Aleskerov,F (2155) Baku 2001}) 11. Nxd4 Bxa4 12. Qxa4+ Qd7 13. Qxd7+ Kxd7 14. Ke2 Nc6 15. f4 Nxd4+ 16. cxd4 Rc8 17. Kd3 Bb4 18. Bd2 Bxd2 19. Kxd2 $15 {[%mdl 4096] Endgame KRR-KRR} Rc4 $36 {[%mdl 2048] Black is pushing.} 20. Kd3 $1 Rhc8 21. Rhd1 b5 22. Rd2 a5 23. Rf1 b4 24. f5 a4 25. f6 (25. fxe6+ $11 Kxe6 26. Rb1) 25... g6 26. g3 h5 27. Rff2 a3 28. bxa3 Rc3+ ({Much worse is} 28... bxa3 $6 29. Rc2 $11) 29. Ke2 bxa3 (29... Rxa3 $17 30. Rf3 Rca8) 30. Rd3 $2 (30. Rf3 $11) 30... Rc2+ $1 $19 31. Rd2 R8c4 $2 (31... R8c3 $1 $19 {Hoping for ...Rb2.} 32. Ke1 Rb2 $1 {[%mdl 512]}) 32. Ke3 $11 R4c3+ 33. Kf4 Rc1 34. Kg5 Ke8 $1 {[#]} 35. Kf4 (35. Rg2 $1 $16) 35... Kf8 36. Rf3 $2 {[%mdl 8192] [#]} (36. Rg2 $11) 36... g5+ $1 {[%mdl 512] Black mates.} 37. Kxg5 Rxf3 38. Kxh5 Rfc3 39. Kg5 R1c2 40. Rd1 Rxa2 41. Rb1 Rb2 {Precision: White = 48%, Black = 62%.} 0-1

[Event "2nd Sharjah Masters 2018"]
[Site "Sharjah"]
[Date "2018.04.15"]
[Round "5"]
[White "Priyanka Nutakki"]
[Black "Petrosyan, Manuel"]
[Result "0-1"]
[WhiteElo "1957"]
[BlackElo "2560"]
[Annotator "TA"]
[PlyCount "98"]
[EventDate "2018.??.??"]
[EventType "swiss"]
[EventCountry "UAE"]
[SourceTitle "playchess.com"]
[Source "ChessBase"]
[SourceQuality "1"]

{[%evp 19,98,0,9,0,0,15,30,14,26,25,17,34,50,0,0,0,0,0,0,0,9,9,0,0,2,0,38,28,106,65,45,65,88,47,44,50,20,27,22,-30,-39,-32,-20,-32,-14,-15,0,-34,-54,-42,-39,-64,-60,-64,-58,-66,-48,-76,-63,-64,-43,-45,-41,-73,-65,-65,-65,-65,-65,-65,-70,-72,-72,-81,-89,-12841,-12842,-12842,-12843,-12843,-12843]} 1. e4 e5 2. Nf3 Nc6 3. Bc4 Bc5 4. c3 Nf6 5. d3 d6 6. O-O h6 7. a4 {C54: Giuoco Piano: 4 c3 Nf6, main lines with 5 d4 and 5 d3} a5 8. Re1 O-O 9. h3 Be6 10. Nbd2 Ba7 {LiveBook: 3 Games} (10... Bxc4 11. Nxc4 Re8 12. Be3 Bxe3 13. Nxe3 Qd7 {0-1 (33) Anand,V (2782)-So,W (2788) London 2017}) 11. Bb5 Ne7 {[%cal Bc6e7,Be7g6,Bg6f4][%mdl 32]} 12. d4 c6 13. Bd3 Ng6 14. Nf1 Nh5 {[#]} 15. Bc2 $146 ({Predecessor:} 15. Be3 Nhf4 {1-0 (29) Quesada Perez,Y (2627)-Tan,J (2466) chess.com INT 2018}) 15... Nhf4 16. Bxf4 Nxf4 17. dxe5 Qb6 18. Qd2 $1 dxe5 19. Nxe5 Ng6 20. Nd3 Rad8 {Threatens to win with ...Bc4.} 21. Qe3 Qa6 22. Qg3 Bc4 {[%cal Rc4d3]} 23. Rad1 b5 (23... Qb6 $11) 24. b3 Be6 25. Ne3 Rfe8 26. Nf5 bxa4 27. bxa4 Bb8 28. Qf3 Qc4 29. Rc1 (29. Nc1 $142 $1) 29... Qxc3 $11 30. Bb1 Qa3 31. Ne5 Qxf3 (31... Qxa4 {feels hotter.} 32. Nxc6 Rc8 33. Nxb8 Rxb8 34. Red1 Rec8) 32. Nxf3 Ne5 33. N5d4 Nxf3+ 34. Nxf3 Bd6 35. Nd4 {[#]} Bh2+ $1 {[%mdl 512]} 36. Kxh2 Rxd4 37. Rxc6 Rxa4 38. Rec1 g5 39. Bd3 Rd4 40. R1c3 a4 41. Ra6 {[#]} Rxd3 $1 {[%mdl 512]} 42. Rxd3 $17 {[%mdl 4096] Endgame KRR-KRB} Bc4 $1 {[%csl LRa6,LRd3,LRe4]} 43. Rdd6 Bxa6 44. Rxa6 Rxe4 $15 {KR-KR} 45. f3 {[#]} Rf4 $1 46. g3 Rb4 47. Rxh6 $2 {[%mdl 8192]} (47. h4 $17) 47... Rb2+ $19 {Black is clearly winning.} 48. Kg1 a3 {[%cal Ba4a3,Ba3a2][%mdl 32]} 49. Ra6 a2 {Precision: White = 51%, Black = 71%.} 0-1